000 00938pam a2200277 a 4500
001 545
005 20230926102413.0
020 _a0060215984 :
_c$13.95 ($18.95 CDN)
020 _a0060215992 (lib. bdg.)
040 _aDLC
_cDLC
_dDLC
_beng
050 0 0 _aGB662.3
_b.D67 1991
082 0 0 _a551.48
_220
100 1 _aDorros, Arthur.
245 1 0 _aFollow the water from brook to ocean /
_cwritten and illustrated by Arthur Dorros.
260 _aNew York :
_bScholastic.
_c1991.
300 _a32 pages. :
_bcolor illustrations ;
_c19 x 23 cm.
500 _a"Ages 5-9"--Jacket.
505 _aF
520 _aExplains how water flows from brooks, to streams, to rivers, over waterfalls, through canyons and dams, to eventually reach the ocean.
521 _a380
_bLexile
521 _aF
_bRaz-Plus
650 0 _aWater
_xJuvenile literature.
650 1 _aWater.
906 _a7
_bcbc
_corignew
_d1
_eocip
_f19
_gy-gencatlg
942 _2ddc
_cBK
_n0
999 _c545
_d545